[Event "Robecchetto Primavera op 12th"]
[Site "Robecchetto"]
[Date "2015.05.21"]
[Round "7"]
[White "Vada, Riccardo"]
[Black "Pizzolato, Roberto"]
[Result "1-0"]
[WhiteElo "1797"]
[BlackElo "1749"]
[PlyCount "71"]
[EventDate "2015.04.02"]
[EventType "swiss"]
[EventRounds "7"]
[EventCountry "ITA"]
[SourceTitle "EXT 2017"]
[Source "ChessBase"]
[SourceDate "2016.10.25"]
[SourceVersion "1"]
[SourceVersionDate "2016.10.25"]
[SourceQuality "1"]

1. e4 d6 2. d4 Nf6 3. Nc3 e5 4. Nf3 Nbd7 5. Bc4 Be7 6. dxe5 Nxe5 7. Nxe5 dxe5 8. Qxd8+ Bxd8 9. 0-0 c6 10. Be3 b5 11. Bd3 0-0 12. Bc5 Re8 13. a4 bxa4 14. Rxa4 Rb8 15. Rxa7 Rxb2 16. Na4 Rb7 17. Rxb7 Bxb7 18. Rb1 Bc8 19. Bd6 Nd7 20. Bc4 Be7 21. Bxe7 Rxe7 22. Rd1 Nf6 23. Nc5 Nd7 24. Rd6 Kf8 25. Rxc6 Nxc5 26. Rxc8+ Re8 27. Rxc5 g6 28. Rc7 Rd8 29. Rxf7+ Ke8 30. Rxh7 Rd1+ 31. Bf1 Rc1 32. c4 Rd1 33. f3 g5 34. Rg7 Rd4 35. Rxg5 Kf7 36. Rxe5 1-0

[Event "Robecchetto Autunn op 11th"]
[Site "Robecchetto"]
[Date "2014.11.20"]
[Round "7"]
[White "Virgilio, Gianluca"]
[Black "Pizzolato, Roberto"]
[Result "0-1"]
[WhiteElo "1813"]
[BlackElo "1747"]
[PlyCount "80"]
[EventDate "2014.10.09"]
[EventType "swiss"]
[EventRounds "7"]
[EventCountry "ITA"]
[SourceTitle "EXT 2016"]
[Source "ChessBase"]
[SourceDate "2015.10.08"]
[SourceVersion "1"]
[SourceVersionDate "2015.10.08"]
[SourceQuality "1"]

1. d4 d5 2. Nf3 c6 3. e3 Nf6 4. Bd3 Bg4 5. Nbd2 Nbd7 6. 0-0 e6 7. c3 Bd6 8. e4 dxe4 9. Nxe4 Nxe4 10. Bxe4 Qc7 11. h3 Bh5 12. Re1 0-0-0 13. a3 e5 14. d5 cxd5 15. Qxd5 Nf6 16. Bf5+ Kb8 17. Qb5 Bxf3 18. gxf3 Nd7 19. Qe2 g6 20. Bc2 h6 21. Bd2 f5 22. c4 Rdf8 23. b4 g5 24. c5 Be7 25. Ba4 g4 26. Bxd7 Qxd7 27. Qxe5+ Ka8 28. Qxe7 Qxd2 29. Qe3 Qd5 30. Rad1 Qc4 31. Rd4 Qf7 32. Qe7 Qh5 33. c6 Rb8 34. cxb7+ Rxb7 35. Rd8+ Rb8 36. Rxh8 Rxh8 37. Qf6 Rc8 38. Qe6 Rd8 39. Qc6+ Kb8 40. Re7 Rd1+ 0-1

[Event "Robecchetto Autunn op 11th"]
[Site "Robecchetto"]
[Date "2014.10.16"]
[Round "2"]
[White "Pizzolato, Roberto"]
[Black "Koureas, Panicos"]
[Result "1-0"]
[WhiteElo "1747"]
[BlackElo "1431"]
[PlyCount "63"]
[EventDate "2014.10.09"]
[EventType "swiss"]
[EventRounds "7"]
[EventCountry "ITA"]
[SourceTitle "EXT 2016"]
[Source "ChessBase"]
[SourceDate "2015.10.08"]
[SourceVersion "1"]
[SourceVersionDate "2015.10.08"]
[SourceQuality "1"]

1. e4 e5 2. Nf3 Nc6 3. d4 exd4 4. Nxd4 Nf6 5. Nxc6 bxc6 6. e5 Qe7 7. Qe2 Nd5 8. c4 Ba6 9. b3 Nb6 10. Bb2 0-0-0 11. Nc3 Re8 12. f4 g5 13. 0-0-0 gxf4 14. Qg4 h5 15. Qf5 Kb8 16. c5 Bxf1 17. cxb6 axb6 18. Rhxf1 Qxe5 19. Qxe5 Rxe5 20. Na4 Bg7 21. Bxe5 Bxe5 22. Rxd7 Rg8 23. Rf2 f6 24. Nb2 Kc8 25. Rh7 Rg5 26. Nc4 Bd4 27. Re2 Rc5 28. Kd2 b5 29. Re8+ Kb7 30. Nd6+ Kb6 31. Rb8+ Ka5 32. Nb7+ 1-0

[Event "Robecchetto Autunn op 11th"]
[Site "Robecchetto"]
[Date "2014.10.09"]
[Round "1"]
[White "Puricelli, Roberto"]
[Black "Pizzolato, Roberto"]
[Result "1-0"]
[WhiteElo "1513"]
[BlackElo "1747"]
[PlyCount "147"]
[EventDate "2014.10.09"]
[EventType "swiss"]
[EventRounds "7"]
[EventCountry "ITA"]
[SourceTitle "EXT 2016"]
[Source "ChessBase"]
[SourceDate "2015.10.08"]
[SourceVersion "1"]
[SourceVersionDate "2015.10.08"]
[SourceQuality "1"]

1. e4 e5 2. Nf3 Nc6 3. Bc4 Bc5 4. Nc3 Nf6 5. d3 h6 6. Qe2 d6 7. h3 Na5 8. Bb3 Nxb3 9. cxb3 c6 10. Be3 Bb4 11. 0-0 0-0 12. a3 Ba5 13. b4 Bc7 14. d4 Re8 15. dxe5 dxe5 16. Rad1 Bd7 17. Qc2 Qc8 18. Nh2 Nh5 19. Qe2 Nf4 20. Bxf4 exf4 21. Qf3 Re6 22. Rfe1 Qe8 23. Nf1 Rd8 24. Nd2 Rg6 25. Kh1 b5 26. Nb3 Qe5 27. Nc5 Rd6 28. Rxd6 Bxd6 29. Nb7 Rb8 30. Nxd6 Qxd6 31. Rd1 Qc7 32. Ne2 g5 33. Qc3 Re8 34. f3 Re5 35. Rxd7 Qxd7 36. Qxe5 Qd1+ 37. Ng1 Qd2 38. Qc5 Kg7 39. Qxc6 Qxb2 40. Qxb5 Qxa3 41. Qa5 Qe3 42. Qa1+ Kg6 43. b5 h5 44. Qe5 f6 45. Qe8+ Kh6 46. Qf7 Qd4 47. Kh2 Qb6 48. h4 g4 49. fxg4 hxg4 50. Qf8+ Kg6 51. Qg8+ Kh6 52. Qxg4 Qxb5 53. Qxf4+ Kg7 54. Qc7+ Kg6 55. Nf3 a5 56. Qc2 Kg7 57. g4 a4 58. Qc7+ Kg6 59. h5+ Kh6 60. Qf4+ Kh7 61. Qf5+ Qxf5 62. exf5 a3 63. Nd2 Kh6 64. Kg3 a2 65. Nb3 Kg5 66. Kh3 Kh6 67. Kh4 Kg7 68. g5 fxg5+ 69. Kxg5 Kh7 70. h6 Kg8 71. Kg6 Kh8 72. f6 a1Q 73. Nxa1 Kg8 74. f7+ 1-0

[Event "Robecchetto Spring 11th A"]
[Site "Robecchetto"]
[Date "2014.04.10"]
[Round "1"]
[White "De Paoli, Nicola"]
[Black "Pizzolato, Roberto"]
[Result "0-1"]
[WhiteElo "1386"]
[BlackElo "1745"]
[PlyCount "94"]
[EventDate "2014.04.10"]
[EventType "swiss"]
[EventRounds "7"]
[EventCountry "ITA"]
[SourceTitle "EXT 2024"]
[Source "ChessBase"]
[SourceDate "2023.10.10"]
[SourceVersion "1"]
[SourceVersionDate "2023.10.10"]
[SourceQuality "1"]

1. d4 d5 2. c4 c6 3. Nf3 Nf6 4. Nc3 dxc4 5. e3 b5 6. Be2 e6 7. a3 Bd6 8. e4 Bc7 9. e5 Nd5 10. Ne4 Nd7 11. Bg5 f6 12. exf6 N7xf6 13. Ne5 Ba5+ 14. Nd2 Bb7 15. Bh5+ g6 16. Bg4 Qe7 17. 0-0 Bxd2 18. Qxd2 Ne4 19. Bxe7 Nxd2 20. Rfe1 Kxe7 21. Bxe6 Kf6 22. Nd7+ Kg7 23. Nc5 Bc8 24. Bxc8 Raxc8 25. Ne6+ Kf6 26. Nc5 Rhe8 27. Nd7+ Kg7 28. Rxe8 Rxe8 29. Ne5 Re6 30. f3 Nf4 31. Rd1 Nb3 32. Kf2 Rd6 33. g3 Ne6 34. Nxc6 Rxc6 35. d5 Rd6 36. Re1 Nec5 37. Re7+ Kh6 38. Rxa7 Rxd5 39. g4 Rd7 40. Ra8 Nd3+ 41. Kg3 Nxb2 42. h4 c3 43. Rc8 Nc4 44. g5+ Kg7 45. a4 c2 46. axb5 c1Q 47. b6 Qg1+ 0-1

[Event "Pavia Province-ch"]
[Site "Vigevano"]
[Date "2014.03.06"]
[Round "5"]
[White "Candura, Stefano"]
[Black "Pizzolato, Roberto"]
[Result "1-0"]
[WhiteElo "1981"]
[BlackElo "1723"]
[PlyCount "90"]
[EventDate "2014.02.06"]
[EventType "swiss"]
[EventRounds "6"]
[EventCountry "ITA"]
[SourceTitle "EXT 2015"]
[Source "ChessBase"]
[SourceDate "2014.11.20"]
[SourceVersion "1"]
[SourceVersionDate "2014.11.20"]
[SourceQuality "1"]

1. d4 d5 2. Nf3 Nf6 3. e3 c6 4. c4 dxc4 5. Bxc4 Bf5 6. Qb3 e6 7. Qxb7 Nbd7 8. 0-0 Rb8 9. Qxc6 Rb6 10. Qa4 Rb4 11. Qa6 Qc7 12. Bb5 Be4 13. Nc3 Bb7 14. Qxa7 Bd6 15. a3 Rb3 16. Qa4 Rxc3 17. bxc3 Bxf3 18. gxf3 Bxh2+ 19. Kg2 0-0 20. Bxd7 Nxd7 21. f4 Qd8 22. Rh1 Nb6 23. Qc2 f5 24. Rxh2 Qd5+ 25. f3 Rf6 26. Rb1 Rg6+ 27. Kf2 Nd7 28. Qb3 Qd6 29. a4 h6 30. Ba3 Qa6 31. Qb5 Qc8 32. c4 Kh8 33. c5 Nf6 34. Rg2 Rxg2+ 35. Kxg2 Qd8 36. Qb6 Qd5 37. Kf2 e5 38. fxe5 Nd7 39. Qb3 Qc6 40. d5 Qg6 41. e6 Ne5 42. Bb2 Ng4+ 43. fxg4 fxg4 44. Qd1 Qf5+ 45. Kg3 Qh5 1-0

[Event "Pavia Province-ch"]
[Site "Vigevano"]
[Date "2014.02.27"]
[Round "4"]
[White "Pizzolato, Roberto"]
[Black "Melino, Gianluca"]
[Result "1-0"]
[WhiteElo "1723"]
[BlackElo "1758"]
[PlyCount "59"]
[EventDate "2014.02.06"]
[EventType "swiss"]
[EventRounds "6"]
[EventCountry "ITA"]
[SourceTitle "EXT 2015"]
[Source "ChessBase"]
[SourceDate "2014.11.20"]
[SourceVersion "1"]
[SourceVersionDate "2014.11.20"]
[SourceQuality "1"]

1. e4 g6 2. d4 Bg7 3. Nc3 d6 4. f4 a6 5. Nf3 b5 6. Bd3 Nh6 7. 0-0 Nc6 8. d5 Na5 9. Qe1 c6 10. Be3 Ng4 11. Bd2 Nc4 12. Bxc4 bxc4 13. h3 Qb6+ 14. Kh1 Nf6 15. Rb1 cxd5 16. Nxd5 Nxd5 17. exd5 Bf5 18. Bc3 0-0 19. Bxg7 Kxg7 20. Qc3+ Kg8 21. Nd4 Be4 22. Nc6 Rfe8 23. Rbe1 Bxd5 24. Nxe7+ Rxe7 25. Rxe7 Rb8 26. Rfe1 Qc6 27. R1e2 Be6 28. R2xe6 Rf8 29. Re2 d5 30. Qe5 1-0

[Event "Robecchetto op-B 24th"]
[Site "Robecchetto"]
[Date "2013.12.29"]
[Round "5"]
[White "Pizzolato, Roberto"]
[Black "Recanatini, Italo"]
[Result "0-1"]
[WhiteElo "1732"]
[BlackElo "1808"]
[PlyCount "186"]
[EventDate "2013.12.27"]
[EventType "swiss"]
[EventRounds "6"]
[EventCountry "ITA"]
[SourceTitle "EXT 2015"]
[Source "ChessBase"]
[SourceDate "2014.11.20"]
[SourceVersion "1"]
[SourceVersionDate "2014.11.20"]
[SourceQuality "1"]

1. e4 d5 2. exd5 Qxd5 3. Nc3 Qa5 4. d4 c6 5. Bc4 Nf6 6. Nge2 Bg4 7. 0-0 e6 8. Qd3 Bxe2 9. Nxe2 Bd6 10. a3 0-0 11. b4 Qc7 12. h3 Nbd7 13. f4 Nb6 14. Bb3 Rad8 15. Qf3 Rfe8 16. Bb2 Nbd7 17. Rad1 b5 18. c4 bxc4 19. Bxc4 Nb6 20. Rc1 Qd7 21. Ba6 Nbd5 22. Rc2 Rb8 23. Bc3 Rb6 24. Qd3 Rxa6 25. Qxa6 Ne3 26. Rfc1 Nxc2 27. Rxc2 Nd5 28. Bd2 Rc8 29. Qd3 Qb7 30. Qf3 a5 31. bxa5 Qb1+ 32. Rc1 Qb2 33. Qd3 Qxa3 34. Qxa3 Bxa3 35. Ra1 Bd6 36. g3 h5 37. Kg2 Ra8 38. Kf3 f5 39. Nc3 Nc7 40. Ke3 c5 41. Kd3 cxd4 42. Kxd4 Bb4 43. Nb1 Rd8+ 44. Ke3 Nd5+ 45. Ke2 Bxd2 46. Nxd2 h4 47. a6 hxg3 48. Kf3 g2 49. Nc4 Ra8 50. Kxg2 Ra7 51. Kf3 Nc7 52. Ke3 Rxa6 53. Rxa6 Nxa6 54. Kd4 Kf7 55. Ke5 Nc5 56. Kd4 Nd7 57. Ke3 Kf6 58. h4 e5 59. fxe5+ Nxe5 60. Nd6 g6 61. Kf4 Ng4 62. Kg3 Ke7 63. Nc4 Ke6 64. Nd2 Ke5 65. Nf3+ Ke4 66. Ng5+ Ke3 67. Nf3 Nf2 68. Kg2 Ne4 69. Ne1 Kf4 70. Kh3 Nf2+ 71. Kg2 Ng4 72. Nf3 Ke3 73. Kg3 Nf6 74. Ne5 Nh5+ 75. Kh3 Nf4+ 76. Kg3 Ke2 77. Nf7 Nh5+ 78. Kh3 f4 79. Ng5 Ke3 80. Kg4 Nf6+ 81. Kh3 f3 82. Nxf3 Kxf3 83. h5 gxh5 84. Kh4 Kf4 85. Kh3 Kg5 86. Kg2 h4 87. Kh3 Kh5 88. Kh2 Kg4 89. Kg2 Ne4 90. Kh1 h3 91. Kg1 Kg3 92. Kh1 Nf2+ 93. Kg1 h2+ 0-1